| 000 | 01137nam a2200313 i 4500 | ||
|---|---|---|---|
| 003 | DO-SdBNP | ||
| 005 | 20260120091556.0 | ||
| 007 | ta | ||
| 008 | 230623b1985 dr c|||| |||| 00| 0 spa d | ||
| 040 |
_aDO-SdBNP _bspa _cBNPHU _erda |
||
| 041 | _aspa | ||
| 082 | 4 |
_aRD863.3 _bG182e 1985 _222 |
|
| 100 | 1 |
_aGalván, Manuel de J. , _d1834-1910 _eautor _q(Manuel de Jesús) _4aut. _928507 |
|
| 245 | 1 | 0 |
_aEnriquillo : _bleyenda histórica dominicana (1503-1538) / _cManuel de Jesús Galván ; prólogo, José Martí. |
| 264 | 1 |
_aSanto Domingo : _bEdiciones de Taller, _c1985. |
|
| 300 |
_a490 páginas : _bretratos ; _c21 cm. |
||
| 336 |
_atexto _btxt _2rdacontent |
||
| 337 |
_asin mediación _bn _2rdamedia |
||
| 338 |
_avolumen _bnc _2rdacarrier |
||
| 490 | 1 |
_aBiblioteca Taller _v48 |
|
| 590 | _aInventariado, 2023/BT | ||
| 600 | 1 | 4 |
_aEnriquillo _cCacique _d¿-1535 _914941 |
| 650 | 4 |
_aNovela histórica dominicana. _9860 |
|
| 650 | 4 |
_aLiteratura dominicana. _967 |
|
| 651 | 4 |
_aRepública Dominicana _y1503-1538 _xHistoria _928508 |
|
| 700 | 1 |
_aMartí, José, _d1853-1895 _eprologuista _9645 _4pr. |
|
| 910 | _aBtavárez | ||
| 942 |
_2ddc _cLBS1 |
||
| 999 |
_c53917 _d53917 |
||